000 00456nam a2200145Ia 4500
003 OSt
005 20260127164825.0
008 211028s2017 xx 000 0 und d
040 _cAIMIT LIBRARY
041 _aeng
100 _aDias, Remina Sharel; Kudtarkar, Ravi.
_g1516122
_97697
245 _aStudy on customer loyalty of lee cooper with reference to central ( Forum Mall Mangalore) /
260 _aMangalore
_bRavi Kudtarkar.
_c2017
942 _2ddc
_cPRO
999 _c219265
_d219265